[Event "TUR Cup										"]
[Site "Antalya"]
[Date "2018.02.01"]
[Round "9"]
[White "Dalgar, Hakki Berat"]
[Black "Karadeniz, Ali Emre"]
[Result "1/2-1/2"]
[WhiteElo "2154"]
[BlackElo "2288"]
[PlyCount "49"]
[EventDate "2018.01.27"]
[EventType "swiss"]
[EventRounds "11"]
[EventCountry "TUR"]
[SourceTitle "CBM 182 Extra"]
[Source "ChessBase"]
[SourceDate "2018.02.23"]
[SourceVersion "1"]
[SourceVersionDate "2018.02.23"]
[SourceQuality "1"]

1. d4 d5 2. Nf3 e6 3. c4 a6 4. cxd5 exd5 5. Nc3 c6 6. Qc2 Bd6 7. Bg5 Ne7 8. e3 f6 9. Bh4 Bf5 10. Bd3 Bxd3 11. Qxd3 Nd7 12. Bg3 Nb6 13. 0-0 0-0 14. Bxd6 Qxd6 15. Rfe1 Ng6 16. Ne2 f5 17. g3 Rae8 18. Nf4 Re7 19. Nxg6 hxg6 20. Kg2 Qf6 21. h4 Nc4 22. Rab1 Nd6 23. b4 Nc4 24. a4 b5 25. a5 1/2-1/2

[Event "TUR Cup										"]
[Site "Antalya"]
[Date "2018.02.01"]
[Round "8"]
[White "Karadeniz, Ali Emre"]
[Black "Uzuner, Tufan Can"]
[Result "1-0"]
[WhiteElo "2288"]
[BlackElo "1970"]
[PlyCount "33"]
[EventDate "2018.01.27"]
[EventType "swiss"]
[EventRounds "11"]
[EventCountry "TUR"]
[SourceTitle "CBM 182 Extra"]
[Source "ChessBase"]
[SourceDate "2018.02.23"]
[SourceVersion "1"]
[SourceVersionDate "2018.02.23"]
[SourceQuality "1"]

1. d4 Nf6 2. c4 e6 3. Nc3 Bb4 4. e3 0-0 5. Nge2 d5 6. a3 Be7 7. cxd5 exd5 8. Nf4 c6 9. Bd3 Re8 10. 0-0 a5 11. f3 c5 12. dxc5 g6 13. Na4 Nc6 14. Bb5 Rb8 15. Bd2 Bd7 16. Bc3 Qc7 17. Bxf6 1-0

[Event "Izmir op"]
[Site "Izmir"]
[Date "2004.09.07"]
[Round "8.2"]
[White "Karadeniz, Ali Emre"]
[Black "Gurevich, Mikhail"]
[Result "0-1"]
[WhiteElo "2309"]
[BlackElo "2667"]
[PlyCount "47"]
[EventDate "2004.09.??"]
[EventType "swiss"]
[EventRounds "9"]
[EventCountry "TUR"]
[SourceTitle "CBM 103"]
[Source "ChessBase"]
[SourceDate "2004.11.11"]
[SourceVersion "1"]
[SourceVersionDate "2004.11.11"]
[SourceQuality "1"]

1. e4 d6 2. d4 Nf6 3. Nc3 g6 4. Be3 c6 5. Qd2 b5 6. Bd3 Nbd7 7. Nf3 Bb7 8. h3 e5 9. dxe5 dxe5 10. 0-0 Bg7 11. Ne2 Qe7 12. a4 a6 13. Ng3 Nc5 14. b4 Nxa4 15. Rxa4 bxa4 16. Bc5 Qc7 17. Bc4 Rd8 18. Qg5 Bc8 19. Nxe5 h6 20. Qf4 Be6 21. Bxe6 fxe6 22. h4 Rg8 23. Ra1 Bh8 24. Rxa4 0-1

[Event "EU-ch 5th"]
[Site "Antalya"]
[Date "2004.05.27"]
[Round "11"]
[White "Karadeniz, Ali Emre"]
[Black "Kristjansson, Stefan"]
[Result "1/2-1/2"]
[WhiteElo "2310"]
[BlackElo "2404"]
[PlyCount "77"]
[EventDate "2004.05.15"]
[EventType "swiss"]
[EventRounds "13"]
[EventCountry "TUR"]
[SourceTitle "CBM 101"]
[Source "ChessBase"]
[SourceDate "2004.07.27"]
[SourceVersion "1"]
[SourceVersionDate "2004.07.27"]
[SourceQuality "1"]

1. e4 e6 2. d4 d5 3. Nc3 Bb4 4. e5 Ne7 5. a3 Bxc3+ 6. bxc3 c5 7. Qg4 0-0 8. Bd3 Qa5 9. Bd2 Nbc6 10. Nf3 f5 11. exf6 Rxf6 12. Qh5 Nf5 13. c4 Qa4 14. cxd5 Ncxd4 15. Ng5 h6 16. Ne4 Rf8 17. 0-0 b6 18. Rae1 exd5 19. Ng3 c4 20. Bxf5 Nxf5 21. Re5 Qxc2 22. Bb4 Nxg3 23. hxg3 Bf5 24. Bxf8 Rxf8 25. Re8 Rxe8 26. Qxe8+ Kh7 27. Re1 Be4 28. Qe5 Qd3 29. f3 Bg6 30. Kh2 b5 31. Re3 Qd2 32. Re2 Qg5 33. Qd4 a5 34. Re5 Qf6 35. Qxd5 c3 36. Qxb5 c2 37. Rc5 Qa1 38. Qc6 Qxa3 39. Rxc2 1/2-1/2

[Event "EU-ch 5th"]
[Site "Antalya"]
[Date "2004.05.25"]
[Round "10"]
[White "Drabke, Lorenz Maximilian"]
[Black "Karadeniz, Ali Emre"]
[Result "1/2-1/2"]
[WhiteElo "2453"]
[BlackElo "2310"]
[PlyCount "72"]
[EventDate "2004.05.15"]
[EventType "swiss"]
[EventRounds "13"]
[EventCountry "TUR"]
[SourceTitle "CBM 101"]
[Source "ChessBase"]
[SourceDate "2004.07.27"]
[SourceVersion "1"]
[SourceVersionDate "2004.07.27"]
[SourceQuality "1"]

1. e4 e5 2. Nf3 Nc6 3. Nc3 Nf6 4. Bb5 Bb4 5. 0-0 0-0 6. d3 d6 7. Bg5 Bxc3 8. bxc3 h6 9. Bh4 Bd7 10. Rb1 Qe7 11. Re1 a6 12. Ba4 b6 13. Re3 Rad8 14. Bb3 Kh8 15. d4 Rg8 16. Bc4 a5 17. Bg3 Bg4 18. h3 Bxf3 19. Rxf3 exd4 20. cxd4 Qxe4 21. Bxf7 Rgf8 22. Rf4 Qh7 23. Bc4 Ne4 24. Bd3 Rxf4 25. Bxf4 Nb4 26. a3 Nxd3 27. Qxd3 Qf5 28. Be3 d5 29. Re1 Rf8 30. f3 Nd6 31. Qxf5 Rxf5 32. Kf2 Kg8 33. g4 Rf8 34. Bc1 Nc4 35. Re7 Rf7 36. Re8+ Rf8 1/2-1/2

[Event "EU-ch 5th"]
[Site "Antalya"]
[Date "2004.05.24"]
[Round "9"]
[White "Karadeniz, Ali Emre"]
[Black "Klinova, Masha"]
[Result "1/2-1/2"]
[WhiteElo "2310"]
[BlackElo "2436"]
[PlyCount "73"]
[EventDate "2004.05.15"]
[EventType "swiss"]
[EventRounds "13"]
[EventCountry "TUR"]
[SourceTitle "CBM 101"]
[Source "ChessBase"]
[SourceDate "2004.07.27"]
[SourceVersion "1"]
[SourceVersionDate "2004.07.27"]
[SourceQuality "1"]

1. e4 g6 2. d4 c6 3. Nc3 Bg7 4. Nf3 d6 5. Be3 Nf6 6. h3 0-0 7. Qd2 b5 8. Bd3 Nbd7 9. 0-0 e5 10. dxe5 dxe5 11. a4 b4 12. Ne2 a5 13. Nh2 Qe7 14. f3 Nc5 15. Bc4 Rd8 16. Qe1 Be6 17. Bxe6 Nxe6 18. Qf2 c5 19. Rad1 Bf8 20. Ng4 Nd4 21. c3 Nxe2+ 22. Qxe2 Nh5 23. Rxd8 Rxd8 24. Rd1 Nf4 25. Bxf4 Rxd1+ 26. Qxd1 exf4 27. Qd5 bxc3 28. bxc3 Bg7 29. Qa8+ Qf8 30. Qxf8+ Kxf8 31. c4 h5 32. Nh2 Ke7 33. Kf1 Bc3 34. Ke2 Ke6 35. Kd3 Bb4 36. Nf1 Ke5 37. Nh2 1/2-1/2

[Event "EU-ch 5th"]
[Site "Antalya"]
[Date "2004.05.22"]
[Round "7"]
[White "Pashikian, Arman"]
[Black "Karadeniz, Ali Emre"]
[Result "1-0"]
[WhiteElo "2466"]
[BlackElo "2310"]
[PlyCount "48"]
[EventDate "2004.05.15"]
[EventType "swiss"]
[EventRounds "13"]
[EventCountry "TUR"]
[SourceTitle "CBM 101"]
[Source "ChessBase"]
[SourceDate "2004.07.27"]
[SourceVersion "1"]
[SourceVersionDate "2004.07.27"]
[SourceQuality "1"]

1. e4 e5 2. Nf3 Nc6 3. Bb5 a6 4. Ba4 Nf6 5. 0-0 Be7 6. Re1 b5 7. Bb3 d6 8. c3 0-0 9. d4 Bg4 10. Be3 exd4 11. cxd4 Na5 12. Bc2 c5 13. h3 Bxf3 14. Qxf3 Nc4 15. dxc5 Nxe3 16. Rxe3 dxc5 17. e5 Ne8 18. Nc3 Nc7 19. Rd1 Qc8 20. Bf5 Ne6 21. Nd5 Ra7 22. Nf6+ Bxf6 23. exf6 g6 24. Qg4 h5 1-0

[Event "EU-ch 5th"]
[Site "Antalya"]
[Date "2004.05.21"]
[Round "6"]
[White "Karadeniz, Ali Emre"]
[Black "Aleskerov, Faik"]
[Result "1-0"]
[WhiteElo "2310"]
[BlackElo "2167"]
[PlyCount "91"]
[EventDate "2004.05.15"]
[EventType "swiss"]
[EventRounds "13"]
[EventCountry "TUR"]
[SourceTitle "CBM 101"]
[Source "ChessBase"]
[SourceDate "2004.07.27"]
[SourceVersion "1"]
[SourceVersionDate "2004.07.27"]
[SourceQuality "1"]

1. d4 c5 2. d5 e5 3. e4 d6 4. Nc3 Be7 5. f4 exf4 6. Bxf4 Nf6 7. Be2 0-0 8. Nf3 Bg4 9. 0-0 Bxf3 10. gxf3 Nbd7 11. Be3 Ne8 12. f4 g6 13. Qd2 f5 14. Rad1 Bf6 15. e5 dxe5 16. d6 Kh8 17. Nd5 exf4 18. Bxf4 g5 19. Be3 f4 20. Bf2 Rc8 21. Nxf6 Qxf6 22. b4 b6 23. bxc5 bxc5 24. Bg4 Ne5 25. d7 Rd8 26. dxe8Q Rxd2 27. Qxe5 Qxe5 28. Rxd2 Qc3 29. Rd5 h5 30. Bxc5 Qxc2 31. Rxg5 hxg4 32. Bxf8 g3 33. hxg3 f3 34. Rh5+ Kg8 35. Rh2 Qf5 36. Bd6 Qd3 37. Bf4 Qd4+ 38. Rhf2 a6 39. Bg5 Kh7 40. Kh2 Kg6 41. Bh4 Qd5 42. a3 Qe4 43. Rxf3 Qe2+ 44. R1f2 Qe1 45. Rf7 Qe4 46. R2f6+ 1-0

[Event "EU-ch 5th"]
[Site "Antalya"]
[Date "2004.05.18"]
[Round "4"]
[White "Karadeniz, Ali Emre"]
[Black "Erdogan, Hakan"]
[Result "1-0"]
[WhiteElo "2310"]
[BlackElo "2252"]
[PlyCount "57"]
[EventDate "2004.05.15"]
[EventType "swiss"]
[EventRounds "13"]
[EventCountry "TUR"]
[SourceTitle "CBM 101"]
[Source "ChessBase"]
[SourceDate "2004.07.27"]
[SourceVersion "1"]
[SourceVersionDate "2004.07.27"]
[SourceQuality "1"]

1. d4 d5 2. c4 e6 3. Nc3 c5 4. cxd5 exd5 5. Nf3 Nc6 6. g3 Nf6 7. Bg2 Be7 8. 0-0 0-0 9. Bg5 cxd4 10. Nxd4 Re8 11. Rc1 h6 12. Bf4 a6 13. Re1 g5 14. Be3 Ne5 15. Nb3 Be6 16. Bd4 Nc4 17. Nc5 Nxb2 18. Qb3 Nc4 19. Qxb7 Qd6 20. Bxf6 Bxf6 21. Nxd5 Bd4 22. Nxe6 Ra7 23. Qb4 fxe6 24. Qxc4 Qe5 25. Nb4 Rf7 26. e3 Bb6 27. Qxa6 Bc5 28. Nd3 Qf5 29. Rxc5 1-0

[Event "EU-ch 5th"]
[Site "Antalya"]
[Date "2004.05.15"]
[Round "1"]
[White "Izoria, Zviad"]
[Black "Karadeniz, Ali Emre"]
[Result "1-0"]
[WhiteElo "2573"]
[BlackElo "2310"]
[PlyCount "111"]
[EventDate "2004.05.15"]
[EventType "swiss"]
[EventRounds "13"]
[EventCountry "TUR"]
[SourceTitle "CBM 101"]
[Source "ChessBase"]
[SourceDate "2004.07.27"]
[SourceVersion "1"]
[SourceVersionDate "2004.07.27"]
[SourceQuality "1"]

1. d4 Nf6 2. Nf3 d5 3. c4 e6 4. Nc3 Be7 5. Qc2 0-0 6. Bg5 Nbd7 7. e3 c6 8. Rd1 h6 9. Bh4 b6 10. Be2 Bb7 11. 0-0 Rc8 12. Qa4 a6 13. Qb3 dxc4 14. Bxc4 b5 15. a4 Rb8 16. Bxe6 fxe6 17. Qxe6+ Rf7 18. Bg3 Rc8 19. Ne5 Nxe5 20. dxe5 Qe8 21. exf6 Bxf6 22. Qb3 Bxc3 23. Qxc3 c5 24. axb5 axb5 25. f3 b4 26. Qc4 Qxe3+ 27. Kh1 Qe7 28. Rfe1 Qf6 29. Re6 Qf5 30. Re7 Bc6 31. Rde1 Bd5 32. Qb5 Rxe7 33. Rxe7 Bf7 34. h3 Rd8 35. Be5 Qg6 36. Qxc5 Rd2 37. Qc8+ Kh7 38. Qg4 h5 39. Qxg6+ Kxg6 40. Rb7 b3 41. Rb6+ Kh7 42. Bc3 Rd7 43. Kh2 Re7 44. Kg3 Bc4 45. Rc6 Bd3 46. Rd6 Bc2 47. Kf2 Bg6 48. Kg3 Bf7 49. Kh4 Re2 50. Rd7 Kg8 51. g4 hxg4 52. hxg4 Re6 53. f4 Re8 54. f5 Re2 55. g5 Re4+ 56. Kg3 1-0

[Event "TUR-ch"]
[Site "Kusadasi"]
[Date "2004.03.06"]
[Round "10"]
[White "Erturan, Yakup"]
[Black "Karadeniz, Ali Emre"]
[Result "1-0"]
[WhiteElo "2273"]
[BlackElo "2310"]
[PlyCount "81"]
[EventDate "2004.02.28"]
[EventType "swiss"]
[EventRounds "12"]
[EventCountry "TUR"]
[SourceTitle "CBM 099 Extra"]
[Source "ChessBase"]
[SourceDate "2004.05.04"]
[SourceVersion "1"]
[SourceVersionDate "2004.05.04"]
[SourceQuality "1"]

1. e4 e5 2. Nc3 Nf6 3. Bc4 Bc5 4. d3 d6 5. Na4 Bb4+ 6. c3 Ba5 7. b4 Bb6 8. Ne2 Be6 9. Bxe6 fxe6 10. Nxb6 axb6 11. Qb3 Qe7 12. 0-0 0-0 13. Bg5 Nbd7 14. f4 h6 15. Bh4 Kh7 16. d4 exf4 17. Nxf4 g5 18. Nxe6 gxh4 19. Nxf8+ Rxf8 20. Rae1 h3 21. g3 Kg7 22. Qd1 Qe6 23. Qe2 Ra8 24. Rf2 Ng4 25. Rf4 h5 26. d5 Qg6 27. Qc4 Rc8 28. Qf1 Nde5 29. Re2 Re8 30. Qxh3 Nd3 31. Rf3 Rxe4 32. Qg2 Rxe2 33. Qxe2 Nde5 34. Rf1 Qg5 35. Re1 h4 36. gxh4 Qxh4 37. Rf1 Qh3 38. c4 Nxc4 39. Qe7+ Kg6 40. Qe6+ Kg5 41. Rf5+ 1-0

[Event "TUR-ch"]
[Site "Kusadasi"]
[Date "2004.03.05"]
[Round "9"]
[White "Karadeniz, Ali Emre"]
[Black "Secer, Ata"]
[Result "1-0"]
[WhiteElo "2310"]
[BlackElo "2177"]
[PlyCount "53"]
[EventDate "2004.02.28"]
[EventType "swiss"]
[EventRounds "12"]
[EventCountry "TUR"]
[SourceTitle "CBM 099 Extra"]
[Source "ChessBase"]
[SourceDate "2004.05.04"]
[SourceVersion "1"]
[SourceVersionDate "2004.05.04"]
[SourceQuality "1"]

1. e4 c5 2. Nf3 Nc6 3. d4 cxd4 4. Nxd4 Nf6 5. Nc3 e5 6. Ndb5 d6 7. Bg5 a6 8. Na3 b5 9. Nd5 Be7 10. Bxf6 Bxf6 11. c3 Bg5 12. Nc2 Ne7 13. a4 bxa4 14. Ncb4 0-0 15. Rxa4 a5 16. Nxe7+ Qxe7 17. Nd5 Qb7 18. Ra2 Be6 19. Bc4 a4 20. 0-0 Qc6 21. Qd3 Rab8 22. Rfa1 Rfc8 23. Ba6 Rd8 24. Rxa4 Rxb2 25. Qg3 Rdb8 26. Qxg5 Rb1+ 27. Bf1 1-0

[Event "TUR-ch"]
[Site "Kusadasi"]
[Date "2004.03.04"]
[Round "7"]
[White "Erdogan, Hakan"]
[Black "Karadeniz, Ali Emre"]
[Result "1-0"]
[WhiteElo "2252"]
[BlackElo "2310"]
[PlyCount "121"]
[EventDate "2004.02.28"]
[EventType "swiss"]
[EventRounds "12"]
[EventCountry "TUR"]
[SourceTitle "CBM 099 Extra"]
[Source "ChessBase"]
[SourceDate "2004.05.04"]
[SourceVersion "1"]
[SourceVersionDate "2004.05.04"]
[SourceQuality "1"]

1. d4 d6 2. Nf3 Bg4 3. h3 Bxf3 4. exf3 g6 5. c3 c6 6. Nd2 Nd7 7. Ne4 d5 8. Ng3 Bg7 9. h4 h5 10. Be3 Qb6 11. Qd2 e6 12. Bd3 Ne7 13. Kf1 Qc7 14. Re1 0-0-0 15. Bf4 e5 16. dxe5 Bxe5 17. Bg5 f6 18. Be3 Kb8 19. Ne2 c5 20. f4 Bd6 21. b4 d4 22. cxd4 cxb4 23. Rc1 Qa5 24. Be4 f5 25. Bf3 Nd5 26. g3 N7f6 27. Kg2 Rhe8 28. Rhe1 Re7 29. Rc2 Rde8 30. Nc1 Nxe3+ 31. fxe3 Nd5 32. Bxd5 Qxd5+ 33. Kf2 g5 34. hxg5 h4 35. Nd3 h3 36. Kg1 Qf3 37. Ne5 Qxg3+ 38. Kh1 Bxe5 39. dxe5 a6 40. Qf2 Qg4 41. Rg1 Qh5 42. Qe2 Qh4 43. Qe1 Qh5 44. Qd1 Qh4 45. Qf3 Rh8 46. Rh2 Rc7 47. g6 Rg7 48. Qg3 Qh5 49. Rf2 h2 50. Rxh2 Rxg6 51. Rxh5 Rxh5+ 52. Kg2 Rhh6 53. Kf3 Rxg3+ 54. Rxg3 a5 55. e4 fxe4+ 56. Kxe4 Kc7 57. f5 a4 58. f6 Kd7 59. Rg7+ Ke8 60. Rxb7 Rh2 61. e6 1-0

[Event "TUR-ch"]
[Site "Kusadasi"]
[Date "2004.03.02"]
[Round "5"]
[White "Karadeniz, Ali Emre"]
[Black "Ercan, Mehmet Fahri"]
[Result "1-0"]
[WhiteElo "2310"]
[BlackElo "2075"]
[PlyCount "75"]
[EventDate "2004.02.28"]
[EventType "swiss"]
[EventRounds "12"]
[EventCountry "TUR"]
[SourceTitle "CBM 099 Extra"]
[Source "ChessBase"]
[SourceDate "2004.05.04"]
[SourceVersion "1"]
[SourceVersionDate "2004.05.04"]
[SourceQuality "1"]

1. d4 Nf6 2. Nf3 e6 3. Bg5 d5 4. Nbd2 Be7 5. e3 0-0 6. Bd3 Nbd7 7. 0-0 b6 8. Ne5 Nxe5 9. dxe5 Nd7 10. Bxe7 Qxe7 11. f4 f5 12. Nf3 c5 13. c4 Bb7 14. Qc2 g6 15. Rad1 Rfd8 16. Rd2 a6 17. Rfd1 Nf8 18. a4 Bc6 19. Be2 Qe8 20. a5 dxc4 21. Rxd8 Rxd8 22. axb6 Rb8 23. Rd6 Rxb6 24. Bxc4 Rb4 25. Ng5 Bd7 26. Bxa6 h6 27. Nf3 Qb8 28. Rd2 Qa7 29. Bc4 Qa1+ 30. Kf2 Bc6 31. b3 Be4 32. Qa2 Qc3 33. Rd8 Kf7 34. Qa7+ Rb7 35. Qxc5 Qc2+ 36. Kg3 Nd7 37. Qd6 Bxf3 38. Qxe6+ 1-0

[Event "EU-ch 4th"]
[Site "Istanbul"]
[Date "2003.06.12"]
[Round "12"]
[White "Karadeniz, Ali Emre"]
[Black "Cherniaev, Alexander"]
[Result "1-0"]
[WhiteElo "2308"]
[BlackElo "2501"]
[PlyCount "67"]
[EventDate "2003.05.30"]
[EventType "swiss"]
[EventRounds "13"]
[EventCountry "TUR"]
[SourceTitle "CBM 096"]
[Source "ChessBase"]
[SourceDate "2003.09.25"]
[SourceVersion "1"]
[SourceVersionDate "2003.09.25"]
[SourceQuality "1"]

1. d4 Nf6 2. Bg5 e6 3. e4 c5 4. d5 h6 5. Bxf6 Qxf6 6. Nc3 d6 7. Nf3 e5 8. Be2 g6 9. Nd2 h5 10. Nc4 Nd7 11. Nb5 Kd8 12. 0-0 a6 13. Nc3 b6 14. Rb1 Bh6 15. b4 b5 16. Na5 cxb4 17. Rxb4 Nc5 18. a4 bxa4 19. Nxa4 Nxa4 20. Rxa4 Ke7 21. Qa1 Kf8 22. Nc6 Kg7 23. Bxa6 Bg4 24. Rb1 Qg5 25. Qa3 Qd2 26. Qxd6 Qxc2 27. Rba1 Bg5 28. h3 Bh4 29. R4a2 Bxf2+ 30. Kh2 Qc5 31. Qxe5+ Kg8 32. Ne7+ Kh7 33. Rf1 Rhe8 34. Raxf2 1-0

[Event "Balkan-ch"]
[Site "Istanbul"]
[Date "2002.12.17"]
[Round "9"]
[White "Nikolaidis, Ioannis"]
[Black "Karadeniz, Ali Emre"]
[Result "1-0"]
[WhiteElo "2495"]
[BlackElo "2300"]
[PlyCount "71"]
[EventDate "2002.12.10"]
[EventType "swiss"]
[EventRounds "9"]
[EventCountry "TUR"]
[SourceTitle "CBM 091 Extra"]
[Source "ChessBase"]
[SourceDate "2003.01.09"]
[SourceVersion "1"]
[SourceVersionDate "2003.01.09"]
[SourceQuality "1"]

1. d4 d5 2. c4 c6 3. Nf3 Nf6 4. cxd5 cxd5 5. Nc3 Nc6 6. Bf4 a6 7. Rc1 Qb6 8. Na4 Qb4+ 9. Bd2 Qd6 10. Qb3 Nd7 11. e3 e6 12. Qc2 Be7 13. a3 b5 14. Qxc6 Qxc6 15. Rxc6 bxa4 16. Bd3 0-0 17. Ke2 Nb8 18. Rc3 Bd7 19. Rhc1 f6 20. Rc7 Bd6 21. R7c2 a5 22. e4 dxe4 23. Bxe4 Ra6 24. Bd3 Ra7 25. Be3 Rb7 26. Nd2 Bb5 27. Bxb5 Rxb5 28. Ne4 Be7 29. Nc3 Rh5 30. h3 f5 31. f4 g5 32. Nxa4 Nd7 33. Rc7 Rd8 34. Nc5 Bxc5 35. dxc5 Nf6 36. c6 1-0

[Event "Balkan-ch"]
[Site "Istanbul"]
[Date "2002.12.14"]
[Round "6"]
[White "Sofronie, Iulian"]
[Black "Karadeniz, Ali Emre"]
[Result "1-0"]
[WhiteElo "2460"]
[BlackElo "2300"]
[PlyCount "83"]
[EventDate "2002.12.10"]
[EventType "swiss"]
[EventRounds "9"]
[EventCountry "TUR"]
[SourceTitle "CBM 091 Extra"]
[Source "ChessBase"]
[SourceDate "2003.01.09"]
[SourceVersion "1"]
[SourceVersionDate "2003.01.09"]
[SourceQuality "1"]

1. e4 c6 2. d4 d5 3. Nd2 dxe4 4. Nxe4 Bf5 5. Ng3 Bg6 6. Nf3 Nd7 7. h4 h6 8. h5 Bh7 9. Bd3 Bxd3 10. Qxd3 Ngf6 11. Bd2 Qc7 12. 0-0-0 0-0-0 13. Qe2 e6 14. Ne5 Nb6 15. Ba5 Rd5 16. Bxb6 axb6 17. c4 Ra5 18. Kb1 Bd6 19. f4 Rd8 20. Ne4 Nxe4 21. Qxe4 f5 22. Qe2 b5 23. g4 Bxe5 24. dxe5 bxc4 25. gxf5 Rxd1+ 26. Rxd1 Qf7 27. fxe6 Qxe6 28. Rd4 Qf5+ 29. Ka1 Qh3 30. Kb1 c3 31. Qd3 Qh1+ 32. Qd1 Qxd1+ 33. Rxd1 Ra4 34. e6 Re4 35. f5 cxb2 36. Kxb2 Re5 37. Kc3 Rc5+ 38. Kb4 Rb5+ 39. Kc4 Re5 40. Rd6 Kc7 41. Rd7+ Kb6 42. Rf7 1-0

[Event "Balkan-ch"]
[Site "Istanbul"]
[Date "2002.12.12"]
[Round "4"]
[White "Tofan, Ibrahim"]
[Black "Karadeniz, Ali Emre"]
[Result "0-1"]
[WhiteElo "2233"]
[BlackElo "2300"]
[PlyCount "162"]
[EventDate "2002.12.10"]
[EventType "swiss"]
[EventRounds "9"]
[EventCountry "TUR"]
[SourceTitle "CBM 091 Extra"]
[Source "ChessBase"]
[SourceDate "2003.01.09"]
[SourceVersion "1"]
[SourceVersionDate "2003.01.09"]
[SourceQuality "1"]

1. e4 c6 2. d3 d5 3. Qe2 dxe4 4. dxe4 e5 5. Nf3 Nf6 6. g3 Bg4 7. Bg2 Nbd7 8. 0-0 Bc5 9. a3 a5 10. Nbd2 0-0 11. Nc4 Bh5 12. Bg5 b5 13. Ne3 h6 14. Bxf6 Qxf6 15. Nf5 Nb6 16. h3 a4 17. g4 Bg6 18. h4 Rfe8 19. Bh3 Bxf5 20. g5 hxg5 21. hxg5 Qe7 22. Bxf5 g6 23. Bg4 Nc4 24. c3 Kg7 25. Kg2 Rad8 26. Rad1 Rh8 27. Rxd8 Rxd8 28. Rh1 Qd6 29. Re1 Kf8 30. Kg3 Ke7 31. Bh3 Kf8 32. Bf1 Qe7 33. Kg4 Kg7 34. Qc2 Rh8 35. Kg3 Qe6 36. Ng1 Rh5 37. Qc1 f5 38. gxf6+ Qxf6 39. Nf3 Nxb2 40. Kg2 Bxa3 41. Qd2 Qe6 42. Kg1 Nc4 43. Qd8 Be7 44. Qc7 Kf6 45. Rd1 a3 46. Bg2 a2 47. Ra1 Na3 48. Ne1 Qc4 49. Qd7 Qxc3 50. Qd1 Qc4 51. Qd2 Bb4 52. Qxa2 Qxa2 53. Rxa2 Bxe1 54. Rxa3 Rh7 55. Ra6 Rc7 56. Bf1 Ke7 57. Rb6 Kd6 58. Rb8 Rf7 59. Rg8 Bxf2+ 60. Kg2 Rf6 61. Kh3 Be3 62. Be2 g5 63. Rd8+ Kc5 64. Kg3 Rd6 65. Re8 Kd4 66. Ra8 Kxe4 67. Ra1 Kd5 68. Re1 Bf4+ 69. Kg4 e4 70. Kf5 Bd2 71. Rd1 e3 72. Kxg5 Ke5 73. Rh1 Rd8 74. Kg4 Rg8+ 75. Kf3 Rf8+ 76. Kg3 Rf2 77. Bf3 c5 78. Bc6 b4 79. Bb5 Kd4 80. Rh5 Kc3 81. Rxc5+ Kb2 0-1

[Event "Balkan-ch"]
[Site "Istanbul"]
[Date "2002.12.10"]
[Round "1"]
[White "Karadeniz, Ali Emre"]
[Black "Parligras, Mircea Emilian"]
[Result "0-1"]
[WhiteElo "2300"]
[BlackElo "2490"]
[PlyCount "50"]
[EventDate "2002.12.10"]
[EventType "swiss"]
[EventRounds "9"]
[EventCountry "TUR"]
[SourceTitle "CBM 091 Extra"]
[Source "ChessBase"]
[SourceDate "2003.01.09"]
[SourceVersion "1"]
[SourceVersionDate "2003.01.09"]
[SourceQuality "1"]

1. e4 c5 2. Nf3 Nc6 3. Nc3 Nf6 4. Bb5 Qc7 5. Bxc6 Qxc6 6. 0-0 Nxe4 7. Nxe4 Qxe4 8. Re1 Qd5 9. c4 Qxc4 10. d4 e6 11. b3 Qd5 12. Re5 Qc6 13. d5 Qc7 14. Bb2 f6 15. Rh5 d6 16. Qd3 e5 17. Rxh7 Rxh7 18. Qxh7 Qf7 19. Qd3 Bd7 20. b4 cxb4 21. Rc1 Rc8 22. Rxc8+ Bxc8 23. Qb5+ Kd8 24. Nd2 b6 25. Ne4 Bb7 0-1

[Event "EU-ch 3rd"]
[Site "Batumi"]
[Date "2002.06.26"]
[Round "13"]
[White "Karadeniz, Ali Emre"]
[Black "Velicka, Petr"]
[Result "1-0"]
[WhiteElo "2307"]
[BlackElo "2437"]
[PlyCount "45"]
[EventDate "2002.06.12"]
[EventType "swiss"]
[EventRounds "13"]
[EventCountry "GEO"]
[SourceTitle "CBM 090"]
[Source "ChessBase"]
[SourceDate "2002.09.20"]
[SourceVersion "1"]
[SourceVersionDate "2002.09.20"]
[SourceQuality "1"]

1. Nf3 g6 2. e4 c5 3. d4 cxd4 4. Nxd4 Nf6 5. Nc3 Bg7 6. e5 Ng8 7. f4 Nc6 8. Be3 f6 9. Bc4 fxe5 10. Nf5 Bf6 11. Qd5 e6 12. Nd6+ Kf8 13. Qd2 Kg7 14. 0-0 exf4 15. Rxf4 Ne5 16. Raf1 Nxc4 17. Rxc4 b6 18. Rcf4 Ba6 19. R1f2 Be7 20. Nce4 Qf8 21. Rf6 Nxf6 22. Bh6+ Kg8 23. Qf4 1-0